[Event "54th Ilmar Raud Memorial"]
[Site "Viljandi"]
[Date "2020.07.08"]
[Round "4.5"]
[White "Kukk, Sander"]
[Black "Kanep, Meelis"]
[Result "1/2-1/2"]
[WhiteElo "2194"]
[BlackElo "2465"]
[PlyCount "163"]
[EventDate "2020.??.??"]

1. b3 {[%emt 0:00:06]} Nf6 {[%emt 0:00:50]} 2. Bb2 {[%emt 0:00:22]} g6 {
[%emt 0:00:14]} 3. e4 {[%emt 0:11:23]} c5 {[%emt 0:01:11]} 4. e5 {[%emt 0:07:
12]} Nd5 {[%emt 0:01:28]} 5. Qf3 {[%emt 0:05:31]} e6 {[%emt 0:04:31]} 6. Bc4 {
[%emt 0:04:01]} Nb4 {[%emt 0:05:41]} 7. Qe4 {[%emt 0:06:56]} Bg7 {[%emt 0:08:
55]} 8. d4 {[%emt 0:16:36]} cxd4 {[%emt 0:11:20]} 9. c3 {[%emt 0:05:12]} dxc3 {
[%emt 0:03:29]} 10. Nxc3 {[%emt 0:00:07]} O-O {[%emt 0:06:23]} 11. Rd1 {
[%emt 0:02:46]} d5 {[%emt 0:04:14]} 12. exd6 {[%emt 0:01:41]} Nxa2 {[%emt 0:05:
22]} 13. Nge2 {[%emt 0:02:10]} Nxc3 {[%emt 0:03:46]} 14. Bxc3 {[%emt 0:00:25]}
Bxc3+ {[%emt 0:00:25]} 15. Nxc3 {[%emt 0:00:05]} Bd7 {[%emt 0:01:14]} 16. O-O {
[%emt 0:01:20]} Bc6 {[%emt 0:00:24]} 17. Qf4 {[%emt 0:13:11]} Nd7 {[%emt 0:01:
35]} 18. Ne2 {[%emt 0:02:35]} Qf6 {[%emt 0:03:03]} 19. Qg3 {[%emt 0:00:51]} Nb6
{[%emt 0:02:22]} 20. Nf4 {[%emt 0:04:33]} Kh8 {[%emt 0:16:56]} 21. Rfe1 {
[%emt 0:01:52]} Nd7 {[%emt 0:03:39]} 22. Nd3 {[%emt 0:02:26]} Rad8 {[%emt 0:03:
24]} 23. Nb4 {[%emt 0:02:18]} Nb6 {[%emt 0:01:17]} 24. Nxc6 {[%emt 0:01:54]}
bxc6 {[%emt 0:00:06]} 25. Ba6 {[%emt 0:00:09]} Nd5 {[%emt 0:08:26]} 26. Bb7 {
[%emt 0:06:57]} Qc3 {[%emt 0:02:16]} 27. Qxc3+ {[%emt 0:00:11]} Nxc3 {[%emt 0:
00:02]} 28. Rc1 {[%emt 0:00:06]} Nb5 {[%emt 0:00:26]} 29. d7 {[%emt 0:00:10]}
Nd4 {[%emt 0:01:03]} 30. Bc8 {[%emt 0:00:08]} Nxb3 {[%emt 0:00:40]} 31. Rxc6 {
[%emt 0:00:16]} Nd4 {[%emt 0:00:20]} 32. Rc7 {[%emt 0:01:42]} Nb5 {[%emt 0:00:
15]} 33. Rc6 {[%emt 0:00:25]} a5 {[%emt 0:01:00]} 34. Ra6 {[%emt 0:00:14]} Nc7
{[%emt 0:00:28]} 35. Rxa5 {[%emt 0:00:21]} Nd5 {[%emt 0:00:02]} 36. Ra7 {
[%emt 0:01:37]} Nb6 {[%emt 0:00:24]} 37. h4 {[%emt 0:00:35]} Nxc8 {[%emt 0:00:
17]} 38. dxc8=N {[%emt 0:00:07]} Rxc8 {[%emt 0:00:09]} 39. Re3 {[%emt 0:00:45]}
h5 {[%emt 0:00:54]} 40. Rf3 {[%emt 0:00:11]} Kg7 {[%emt 0:00:10]} 41. Re7 {
[%emt 0:01:40]} Rc5 {[%emt 0:04:10]} 42. g3 {[%emt 0:00:10]} Rf5 {[%emt 0:00:
14]} 43. Rxf5 {[%emt 0:00:05]} gxf5 {[%emt 0:00:17]} 44. Kg2 {[%emt 0:03:00]}
f4 {[%emt 0:02:36]} 45. gxf4 {[%emt 0:00:47]} Kf6 {[%emt 0:00:14]} 46. Ra7 {
[%emt 0:00:19]} Rg8+ {[%emt 0:00:25]} 47. Kh3 {[%emt 0:03:47]} Rg4 {[%emt 0:00:
32]} 48. f3 {[%emt 0:00:11]} Rxf4 {[%emt 0:00:38]} 49. Kg3 {[%emt 0:00:05]} Rd4
{[%emt 0:01:35]} 50. Ra6 {[%emt 0:00:35]} Kf5 {[%emt 0:01:37]} 51. Ra8 {
[%emt 0:03:53]} f6 {[%emt 0:02:00]} 52. Rh8 {[%emt 0:01:49]} Kg6 {[%emt 0:00:
29]} 53. Rg8+ {[%emt 0:00:15]} Kf7 {[%emt 0:01:03]} 54. Rh8 {[%emt 0:00:42]}
Kg7 {[%emt 0:00:52]} 55. Re8 {[%emt 0:00:44]} e5 {[%emt 0:00:21]} 56. Ra8 {
[%emt 0:04:15]} Rd3 {[%emt 0:01:18]} 57. Ra4 {[%emt 0:00:55]} Kg6 {[%emt 0:00:
23]} 58. Rb4 {[%emt 0:00:25]} Rd6 {[%emt 0:02:19]} 59. Rb5 {[%emt 0:01:01]} Rd3
{[%emt 0:00:22]} 60. Rb4 {[%emt 0:00:10]} Kf5 {[%emt 0:00:05]} 61. Ra4 {
[%emt 0:00:21]} Rd7 {[%emt 0:01:59]} 62. Rb4 {[%emt 0:00:48]} Rg7+ {[%emt 0:00:
26]} 63. Kf2 {[%emt 0:00:05]} Rd7 {[%emt 0:00:50]} 64. Kg3 {[%emt 0:00:08]} Rc7
{[%emt 0:00:54]} 65. Ra4 {[%emt 0:00:08]} Rc3 {[%emt 0:00:11]} 66. Rb4 {
[%emt 0:00:10]} Kg6 {[%emt 0:00:11]} 67. Ra4 {[%emt 0:00:17]} f5 {[%emt 0:00:
29]} 68. Ra6+ {[%emt 0:00:44]} Kg7 {[%emt 0:00:29]} 69. Ra7+ {[%emt 0:00:12]}
Kf6 {[%emt 0:00:08]} 70. Ra6+ {[%emt 0:00:03]} Kf7 {[%emt 0:00:21]} 71. Kf2 {
[%emt 0:02:23]} Rc2+ {[%emt 0:02:15]} 72. Kg3 {[%emt 0:00:09]} f4+ {[%emt 0:00:
41]} 73. Kh3 {[%emt 0:00:02]} Rc3 {[%emt 0:00:30]} 74. Kg2 {[%emt 0:00:09]} Kg7
{[%emt 0:00:22]} 75. Ra7+ {[%emt 0:00:30]} Kg6 {[%emt 0:00:19]} 76. Ra6+ {
[%emt 0:00:19]} Kf7 {[%emt 0:00:46]} 77. Rh6 {[%emt 0:00:20]} Kg7 {[%emt 0:00:
53]} 78. Rxh5 {[%emt 0:00:36]} Kf6 {[%emt 0:00:23]} 79. Rh6+ {[%emt 0:01:19]}
Kf5 {[%emt 0:00:13]} 80. Rh8 {[%emt 0:00:05]} Rc2+ {[%emt 0:00:16]} 81. Kg1 {
[%emt 0:00:21]} Rc1+ {[%emt 0:00:15]} 82. Kg2 {[%emt 0:00:16] Ke4} 1/2-1/2

[Event "54th Ilmar Raud Memorial"]
[Site "Viljandi"]
[Date "2020.07.08"]
[Round "4.6"]
[White "Köykkä, Pekka"]
[Black "Wartiovaara, Oliver"]
[Result "0-1"]
[WhiteElo "2392"]
[BlackElo "2190"]
[PlyCount "114"]
[EventDate "2020.??.??"]

1. d4 {[%emt 0:03:56]} Nf6 {[%emt 0:00:13]} 2. Bg5 {[%emt 0:00:16]} e6 {
[%emt 0:00:10]} 3. Nd2 {[%emt 0:00:12]} c5 {[%emt 0:01:18]} 4. Ne4 {[%emt 0:06:
43]} d5 {[%emt 0:04:26]} 5. Nxc5 {[%emt 0:02:40]} Bxc5 {[%emt 0:00:14]} 6. dxc5
{[%emt 0:00:06]} Qa5+ {[%emt 0:00:36]} 7. Qd2 {[%emt 0:00:19]} Qxc5 {[%emt 0:
01:11]} 8. Bxf6 {[%emt 0:00:21]} gxf6 {[%emt 0:00:07]} 9. e3 {[%emt 0:02:05]}
Nc6 {[%emt 0:05:14]} 10. Ne2 {[%emt 0:01:32]} Bd7 {[%emt 0:25:47]} 11. Nf4 {
[%emt 0:07:34]} Ne5 {[%emt 0:07:06]} 12. Be2 {[%emt 0:10:15]} Rc8 {[%emt 0:05:
42]} 13. c3 {[%emt 0:03:30]} Bb5 {[%emt 0:05:42]} 14. O-O {[%emt 0:03:08]} Ke7
{[%emt 0:02:34]} 15. Rfe1 {[%emt 0:05:17]} Rhg8 {[%emt 0:05:18]} 16. Kh1 {
[%emt 0:07:08]} Bxe2 {[%emt 0:06:42]} 17. Rxe2 {[%emt 0:00:14]} Rgd8 {[%emt 0:
01:28]} 18. Qd1 {[%emt 0:04:16]} b5 {[%emt 0:00:52]} 19. Rc2 {[%emt 0:01:35]}
Qc4 {[%emt 0:01:51]} 20. Rd2 {[%emt 0:05:15]} a5 {[%emt 0:02:11]} 21. Rd4 {
[%emt 0:05:54]} Qc5 {[%emt 0:00:14]} 22. Qh5 {[%emt 0:02:24]} b4 {[%emt 0:02:
14]} 23. cxb4 {[%emt 0:06:49]} axb4 {[%emt 0:00:07]} 24. h3 {[%emt 0:00:38]}
Qc2 {[%emt 0:07:34]} 25. Qh4 {[%emt 0:09:09]} Qxb2 {[%emt 0:02:26]} 26. Rf1 {
[%emt 0:01:18]} Nc6 {[%emt 0:02:19]} 27. Rdd1 {[%emt 0:00:05]} Qxa2 {[%emt 0:
00:22]} 28. Qxh7 {[%emt 0:00:44]} Ne5 {[%emt 0:00:16]} 29. Qh4 {[%emt 0:03:15]}
Qc4 {[%emt 0:01:05]} 30. f3 {[%emt 0:02:34]} b3 {[%emt 0:00:29]} 31. e4 {
[%emt 0:00:49]} dxe4 {[%emt 0:02:21]} 32. Nh5 {[%emt 0:00:08]} Rxd1 {[%emt 0:
02:32]} 33. Qxf6+ {[%emt 0:00:05]} Kd7 {[%emt 0:00:05]} 34. Rxd1+ {[%emt 0:00:
11]} Nd3 {[%emt 0:00:19]} 35. fxe4 {[%emt 0:03:22]} Kc6 {[%emt 0:00:19]} 36.
Kh2 {[%emt 0:02:53]} Kb5 {[%emt 0:02:43]} 37. Ng3 {[%emt 0:01:35]} Qc2 {
[%emt 0:05:29]} 38. Qxf7 {[%emt 0:01:04]} Qxd1 {[%emt 0:00:25]} 39. Qb7+ {
[%emt 0:00:04]} Ka4 {[%emt 0:00:19]} 40. Qa6+ {[%emt 0:00:40]} Kb4 {[%emt 0:00:
06]} 41. Qb7+ {[%emt 0:00:27]} Ka3 {[%emt 0:01:23]} 42. Qa6+ {[%emt 0:00:09]}
Kb2 {[%emt 0:00:26]} 43. Qxc8 {[%emt 0:00:05]} Kb1 {[%emt 0:00:28]} 44. Qxe6 {
[%emt 0:04:53]} b2 {[%emt 0:00:33]} 45. Nf5 {[%emt 0:01:19]} Qd2 {[%emt 0:04:
26]} 46. Qb6 {[%emt 0:02:08]} Qf4+ {[%emt 0:05:10]} 47. Kh1 {[%emt 0:00:19]}
Qc1+ {[%emt 0:01:49]} 48. Kh2 {[%emt 0:00:08]} Qc5 {[%emt 0:00:09]} 49. Qb3 {
[%emt 0:04:31]} Qc7+ {[%emt 0:01:28]} 50. Kh1 {[%emt 0:00:52]} Nc1 {[%emt 0:03:
59]} 51. Qa3 {[%emt 0:05:50]} Ne2 {[%emt 0:00:18]} 52. h4 {[%emt 0:00:16]} Qc1+
{[%emt 0:01:22]} 53. Kh2 {[%emt 0:00:09]} Qg1+ {[%emt 0:00:10]} 54. Kh3 {
[%emt 0:00:12]} Qh1+ {[%emt 0:00:04]} 55. Kg4 {[%emt 0:00:03]} Qxg2+ {[%emt 0:
00:04]} 56. Ng3 {[%emt 0:00:26]} Qxg3+ {[%emt 0:00:12]} 57. Qxg3 {[%emt 0:00:
07]} Nxg3 {[%emt 0:00:04]} 0-1

[Event "54th Ilmar Raud Memorial"]
[Site "Viljandi"]
[Date "2020.07.09"]
[Round "5.1"]
[White "Meshkovs, Nikita"]
[Black "Neiksans, Arturs"]
[Result "0-1"]
[WhiteElo "2582"]
[BlackElo "2557"]
[PlyCount "112"]
[EventDate "2020.??.??"]
[WhiteClock "0:08:31"]
[BlackClock "0:06:15"]

1. d4 Nf6 {[%emt 0:00:07]} 2. c4 {[%emt 0:00:06]} e6 {[%emt 0:00:06]} 3. Nc3 {
[%emt 0:00:16]} Bb4 {[%emt 0:00:13]} 4. e3 {[%emt 0:00:10]} O-O {[%emt 0:00:33]
} 5. Bd3 {[%emt 0:00:16]} d5 {[%emt 0:00:40]} 6. cxd5 {[%emt 0:00:15]} exd5 {
[%emt 0:00:05]} 7. Nge2 {[%emt 0:00:09]} b6 {[%emt 0:06:14]} 8. O-O {[%emt 0:
04:01]} Bb7 {[%emt 0:03:04]} 9. Nf4 {[%emt 0:04:32]} Re8 {[%emt 0:06:17]} 10.
Bd2 {[%emt 0:02:20]} Nbd7 {[%emt 0:15:21]} 11. Rc1 {[%emt 0:05:16]} Be7 {
[%emt 0:07:23]} 12. Nce2 {[%emt 0:09:54]} a6 {[%emt 0:05:01]} 13. b4 {[%emt 0:
08:37]} Ne4 {[%emt 0:08:09]} 14. Be1 {[%emt 0:00:26]} Ndf6 {[%emt 0:02:47]} 15.
Qc2 {[%emt 0:03:55]} Rc8 {[%emt 0:04:37]} 16. a4 {[%emt 0:01:14]} c5 {[%emt 0:
03:20]} 17. bxc5 {[%emt 0:01:38]} bxc5 {[%emt 0:00:07]} 18. dxc5 {[%emt 0:00:
22]} Bxc5 {[%emt 0:02:04]} 19. Qb2 {[%emt 0:03:43]} Rb8 {[%emt 0:05:50]} 20.
Nd4 {[%emt 0:02:09]} Bd6 {[%emt 0:00:58]} 21. Qa2 {[%emt 0:11:13]} Qd7 {
[%emt 0:02:05]} 22. a5 {[%emt 0:01:35]} g6 {[%emt 0:03:46]} 23. Bc2 {[%emt 0:
04:18]} Rec8 {[%emt 0:02:17]} 24. Qa1 {[%emt 0:17:54]} Qe7 {[%emt 0:03:24]} 25.
Rb1 {[%emt 0:00:14]} Qc7 {[%emt 0:08:08]} 26. g3 {[%emt 0:01:24]} Be5 {[%emt 0:
00:52]} 27. Bd3 {[%emt 0:01:14]} Qd7 {[%emt 0:00:20]} 28. f3 {[%emt 0:01:47]}
Nd6 {[%emt 0:00:28]} 29. Nfe2 {[%emt 0:03:27]} Nc4 {[%emt 0:00:17]} 30. f4 {
[%emt 0:01:05]} Bd6 {[%emt 0:00:48]} 31. Nf5 {[%emt 0:01:35]} Be7 {[%emt 0:02:
20]} 32. Nxe7+ {[%emt 0:05:43]} Qxe7 {[%emt 0:00:04]} 33. Bxc4 {[%emt 0:00:04]}
dxc4 {[%emt 0:00:37]} 34. Qe5 {[%emt 0:00:01]} Qxe5 {[%emt 0:01:05]} 35. fxe5 {
[%emt 0:00:01]} Ng4 {[%emt 0:00:05]} 36. Bc3 {[%emt 0:00:03]} Be4 {[%emt 0:02:
09]} 37. Rb6 {[%emt 0:02:23]} Nxe3 {[%emt 0:02:07]} 38. Rff6 {[%emt 0:00:16]}
Nd5 {[%emt 0:01:44]} 39. Rxb8 {[%emt 0:00:53]} Rxb8 {[%emt 0:00:04]} 40. Rxa6 {
[%emt 0:00:20]} Bd3 {[%emt 0:03:39]} 41. Rd6 {[%emt 0:00:52]} Nxc3 {[%emt 0:05:
40]} 42. Nxc3 {[%emt 0:00:02]} Rb3 {[%emt 0:00:06]} 43. a6 {[%emt 0:08:18]}
Rxc3 {[%emt 0:00:18]} 44. a7 Be4 {[%emt 0:00:15]} 45. Rd8+ {[%emt 0:00:02]} Kg7
{[%emt 0:00:07]} 46. a8=Q {[%emt 0:00:04]} Bxa8 {[%emt 0:00:04]} 47. Rxa8 {
[%emt 0:00:04]} Rc1+ {[%emt 0:05:14]} 48. Kg2 {[%emt 0:01:45]} Rc2+ {[%emt 0:
00:04]} 49. Kh3 {[%emt 0:03:07]} h5 {[%emt 0:00:36]} 50. Rc8 {[%emt 0:00:01]}
g5 {[%emt 0:03:53]} 51. Rc6 {[%emt 0:00:01]} Kf8 {[%emt 0:00:08]} 52. Rc7 {
[%emt 0:00:30]} Ke8 {[%emt 0:00:08]} 53. Ra7 {[%emt 0:00:46]} c3 {[%emt 0:00:
44]} 54. Rc7 {[%emt 0:00:01]} g4+ {[%emt 0:00:21]} 55. Kh4 Rxh2+ {[%emt 0:00:
08]} 56. Kg5 c2 {[%emt 0:00:08]} 0-1

[Event "54th Ilmar Raud Memorial"]
[Site "Viljandi"]
[Date "2020.07.09"]
[Round "5.2"]
[White "Külaots, Kaido"]
[Black "Laurusas, Tomas"]
[Result "1/2-1/2"]
[WhiteElo "2524"]
[BlackElo "2511"]
[PlyCount "78"]
[EventDate "2020.??.??"]

1. e4 {[%emt 0:00:06]} e5 {[%emt 0:01:18]} 2. Bc4 {[%emt 0:00:22]} Nf6 {
[%emt 0:01:04]} 3. d3 {[%emt 0:00:13]} c6 {[%emt 0:00:13]} 4. Nf3 {[%emt 0:01:
09]} d5 {[%emt 0:00:07]} 5. Bb3 {[%emt 0:00:05]} Bb4+ {[%emt 0:00:15]} 6. Nbd2
{[%emt 0:04:52]} Nbd7 {[%emt 0:03:28]} 7. O-O {[%emt 0:06:07]} O-O {[%emt 0:00:
11]} 8. c3 {[%emt 0:03:41]} Bd6 {[%emt 0:01:14]} 9. Re1 {[%emt 0:04:49]} Re8 {
[%emt 0:06:24]} 10. d4 {[%emt 0:12:58]} exd4 {[%emt 0:12:30]} 11. cxd4 {
[%emt 0:00:31]} dxe4 {[%emt 0:00:21]} 12. Ng5 {[%emt 0:00:29]} Rf8 {[%emt 0:00:
09]} 13. Ndxe4 {[%emt 0:02:32]} Nxe4 {[%emt 0:00:12]} 14. Nxe4 {[%emt 0:02:09]}
Nf6 {[%emt 0:02:48]} 15. Bg5 {[%emt 0:02:04]} Be7 {[%emt 0:00:10]} 16. Qf3 {
[%emt 0:01:58]} Nxe4 {[%emt 0:04:52]} 17. Bxe7 {[%emt 0:00:12]} Qxe7 {[%emt 0:
00:04]} 18. Rxe4 {[%emt 0:00:40]} Be6 {[%emt 0:00:05]} 19. Bxe6 {[%emt 0:14:33]
} fxe6 {[%emt 0:00:19]} 20. Qb3 {[%emt 0:00:08]} Rf6 {[%emt 0:01:35]} 21. Rae1
{[%emt 0:02:35]} Re8 {[%emt 0:01:48]} 22. Re5 {[%emt 0:04:52]} h6 {[%emt 0:06:
53]} 23. R1e4 {[%emt 0:03:39]} Qf7 {[%emt 0:06:00]} 24. Qe3 {[%emt 0:02:13]}
Rd8 {[%emt 0:02:01]} 25. h3 {[%emt 0:04:06]} Rd6 {[%emt 0:02:27]} 26. f4 {
[%emt 0:07:09]} Rf5 {[%emt 0:03:01]} 27. Kh2 {[%emt 0:02:13]} Rxe5 {[%emt 0:13:
45]} 28. dxe5 {[%emt 0:05:37]} Rd5 {[%emt 0:01:30]} 29. Qxa7 {[%emt 0:03:02]}
Rd2 {[%emt 0:00:35]} 30. Rd4 {[%emt 0:07:17]} Kh7 {[%emt 0:01:38]} 31. Qb6 {
[%emt 0:00:26]} Qf5 {[%emt 0:04:24]} 32. Rxd2 {[%emt 0:02:57]} Qxf4+ {[%emt 0:
00:08]} 33. Kh1 {[%emt 0:00:12]} Qxd2 {[%emt 0:00:07]} 34. Qxb7 {[%emt 0:00:07]
} Qe1+ {[%emt 0:00:10]} 35. Kh2 {[%emt 0:00:04]} Qxe5+ {[%emt 0:00:05]} 36. Kh1
{[%emt 0:00:08]} Qd5 {[%emt 0:02:49]} 37. a3 {[%emt 0:01:57]} e5 {[%emt 0:00:
08]} 38. Qb4 {[%emt 0:00:28]} e4 {[%emt 0:06:34]} 39. Qc3 {[%emt 0:00:18]} Kh8
{[%emt 0:03:25]} 1/2-1/2

[Event "54th Ilmar Raud Memorial"]
[Site "Viljandi"]
[Date "2020.07.09"]
[Round "5.3"]
[White "Sepp, Olav"]
[Black "Shishkov, Andrei"]
[Result "1/2-1/2"]
[WhiteElo "2410"]
[BlackElo "2390"]
[PlyCount "20"]
[EventDate "2020.??.??"]

1. g3 {[%emt 0:00:03]} e5 {[%emt 0:00:05]} 2. c4 {[%emt 0:00:28]} Nc6 {[%emt 0:
00:07]} 3. Bg2 {[%emt 0:00:14]} g6 {[%emt 0:00:07]} 4. Nc3 {[%emt 0:01:09]} Bg7
{[%emt 0:00:12]} 5. d3 {[%emt 0:04:15]} d6 {[%emt 0:00:17]} 6. Rb1 {[%emt 0:00:
55]} a5 {[%emt 0:02:45]} 7. a3 {[%emt 0:00:26]} f5 {[%emt 0:00:29]} 8. e3 {
[%emt 0:02:07]} Nf6 {[%emt 0:00:54]} 9. Nge2 {[%emt 0:00:12]} O-O {[%emt 0:02:
59]} 10. O-O {[%emt 0:00:22]} Ne7 {[%emt 0:07:11]} 1/2-1/2

[Event "54th Ilmar Raud Memorial"]
[Site "Viljandi"]
[Date "2020.07.09"]
[Round "5.4"]
[White "Pohjala, Henri"]
[Black "Keso, Elias"]
[Result "1-0"]
[WhiteElo "2358"]
[BlackElo "2300"]
[PlyCount "103"]
[EventDate "2020.??.??"]

1. d4 {[%emt 0:02:15]} g6 {[%emt 0:00:12]} 2. g3 {[%emt 0:09:54]} Bg7 {[%emt 0:
02:00]} 3. Bg2 {[%emt 0:00:06]} c5 {[%emt 0:00:16]} 4. c3 {[%emt 0:02:32]} Qa5
{[%emt 0:01:01]} 5. Nf3 {[%emt 0:02:50]} cxd4 {[%emt 0:01:19]} 6. Nxd4 {
[%emt 0:00:13]} Nf6 {[%emt 0:04:51]} 7. O-O {[%emt 0:00:04]} O-O {[%emt 0:12:
37]} 8. e4 {[%emt 0:22:56]} d6 {[%emt 0:02:25]} 9. b3 {[%emt 0:17:03]} Rd8 {
[%emt 0:06:23]} 10. Bb2 {[%emt 0:05:23]} e5 {[%emt 0:03:59]} 11. Nc2 {[%emt 0:
01:10]} Bg4 {[%emt 0:07:52]} 12. Qd2 {[%emt 0:05:32]} Nc6 {[%emt 0:06:02]} 13.
h3 {[%emt 0:04:22]} Be6 {[%emt 0:06:27]} 14. c4 {[%emt 0:00:03]} Qxd2 {[%emt 0:
03:39]} 15. Nxd2 {[%emt 0:00:02]} Bh6 {[%emt 0:00:15]} 16. Rfd1 {[%emt 0:03:26]
} Nd7 {[%emt 0:03:25]} 17. Nf1 {[%emt 0:03:13]} Nc5 {[%emt 0:00:49]} 18. Nfe3 {
[%emt 0:00:26]} Bxe3 {[%emt 0:01:00]} 19. Nxe3 {[%emt 0:00:02]} a5 {[%emt 0:01:
02]} 20. Bc3 {[%emt 0:02:44]} Bc8 {[%emt 0:06:55]} 21. Rd2 {[%emt 0:07:07]} Ne6
{[%emt 0:03:53]} 22. Nc2 {[%emt 0:04:30]} Kf8 {[%emt 0:00:27]} 23. Rad1 {
[%emt 0:00:42]} Ke7 {[%emt 0:00:22]} 24. Ne3 {[%emt 0:00:21]} Ned4 {[%emt 0:01:
24]} 25. Nd5+ {[%emt 0:00:02]} Kf8 {[%emt 0:00:33]} 26. Nc7 {[%emt 0:00:03]}
Rb8 {[%emt 0:08:47]} 27. Nb5 {[%emt 0:00:02]} b6 {[%emt 0:01:25]} 28. Nxd4 {
[%emt 0:01:57]} Nxd4 {[%emt 0:00:17]} 29. Bxd4 {[%emt 0:00:02]} exd4 {[%emt 0:
00:08]} 30. Rxd4 {[%emt 0:00:22]} f6 {[%emt 0:01:28]} 31. Rxd6 {[%emt 0:00:23]}
Rxd6 {[%emt 0:00:05]} 32. Rxd6 {[%emt 0:00:03]} Ke7 {[%emt 0:00:07]} 33. Rd4 {
[%emt 0:01:17]} Be6 {[%emt 0:00:16]} 34. Bf1 {[%emt 0:03:22]} Rd8 {[%emt 0:00:
55]} 35. Rxd8 {[%emt 0:00:11]} Kxd8 {[%emt 0:00:01]} 36. a3 {[%emt 0:00:50]}
Kc7 {[%emt 0:00:12]} 37. b4 {[%emt 0:00:21]} Kd6 {[%emt 0:02:09]} 38. f4 {
[%emt 0:00:08]} g5 {[%emt 0:00:32]} 39. Kf2 {[%emt 0:00:18]} axb4 {[%emt 0:00:
08]} 40. axb4 {[%emt 0:00:02]} h6 {[%emt 0:00:22]} 41. Ke3 {[%emt 0:02:39]} Bd7
{[%emt 0:00:13]} 42. Kd4 {[%emt 0:01:08]} Bc6 {[%emt 0:00:08]} 43. h4 {[%emt 0:
03:04]} gxh4 {[%emt 0:00:05]} 44. gxh4 {[%emt 0:00:03]} Ke6 {[%emt 0:00:07]}
45. b5 {[%emt 0:03:37]} Bb7 {[%emt 0:00:16]} 46. Bh3+ {[%emt 0:00:05]} Ke7 {
[%emt 0:00:13]} 47. e5 {[%emt 0:00:04]} Bf3 {[%emt 0:00:34]} 48. c5 {[%emt 0:
00:11]} fxe5+ {[%emt 0:00:30]} 49. fxe5 {[%emt 0:00:11]} bxc5+ {[%emt 0:00:23]}
50. Kxc5 {[%emt 0:00:02]} Bb7 {[%emt 0:00:18]} 51. Kb6 {[%emt 0:00:11]} Bd5 {
[%emt 0:00:25]} 52. Kc7 {[%emt 0:00:03]} 1-0

[Event "54th Ilmar Raud Memorial"]
[Site "Viljandi"]
[Date "2020.07.09"]
[Round "5.5"]
[White "Haavamäe, Henrik"]
[Black "Haitin, Ilja"]
[Result "0-1"]
[WhiteElo "2210"]
[BlackElo "2357"]
[PlyCount "79"]
[EventDate "2020.??.??"]

1. e4 {[%emt 0:01:44]} d6 {[%emt 0:00:07]} 2. d4 {[%emt 0:00:10]} Nf6 {[%emt 0:
00:04]} 3. Nc3 {[%emt 0:00:17]} e5 {[%emt 0:00:05]} 4. Nf3 {[%emt 0:04:21]}
Nbd7 {[%emt 0:00:09]} 5. Bc4 {[%emt 0:01:35]} Be7 {[%emt 0:00:05]} 6. O-O {
[%emt 0:01:05]} O-O {[%emt 0:00:04]} 7. a4 {[%emt 0:03:30]} c6 {[%emt 0:00:10]}
8. a5 {[%emt 0:08:59]} h6 {[%emt 0:00:59]} 9. h3 {[%emt 0:02:14]} Re8 {[%emt 0:
00:34]} 10. Be3 {[%emt 0:06:00]} Qc7 {[%emt 0:00:28]} 11. Qd2 {[%emt 0:09:24]}
Nf8 {[%emt 0:00:44]} 12. Rfb1 {[%emt 0:19:30]} Be6 {[%emt 0:01:15]} 13. Bxe6 {
[%emt 0:05:56]} Nxe6 {[%emt 0:00:03]} 14. b4 {[%emt 0:04:16]} exd4 {[%emt 0:11:
11]} 15. Nxd4 {[%emt 0:00:05]} d5 {[%emt 0:09:44]} 16. exd5 {[%emt 0:03:34]}
Nxd5 {[%emt 0:02:02]} 17. Nxe6 {[%emt 0:09:21]} fxe6 {[%emt 0:00:21]} 18. Ne4 {
[%emt 0:00:14]} Qe5 {[%emt 0:02:28]} 19. Qd4 {[%emt 0:03:34]} Qxd4 {[%emt 0:01:
32]} 20. Bxd4 {[%emt 0:00:05]} Nxb4 {[%emt 0:02:00]} 21. Bc5 {[%emt 0:00:46]}
Bxc5 {[%emt 0:03:57]} 22. Nxc5 {[%emt 0:00:04]} Nxc2 {[%emt 0:00:07]} 23. Ra2 {
[%emt 0:02:33]} Nd4 {[%emt 0:00:09]} 24. Rxb7 {[%emt 0:00:08]} Red8 {[%emt 0:
01:52]} 25. Re7 {[%emt 0:05:41]} Rd5 {[%emt 0:10:32]} 26. Nxe6 {[%emt 0:00:15]}
Re5 {[%emt 0:00:26]} 27. Rxg7+ {[%emt 0:00:31]} Kh8 {[%emt 0:00:01]} 28. Nxd4 {
[%emt 0:07:12]} Kxg7 {[%emt 0:00:48]} 29. Nxc6 {[%emt 0:00:05]} Rc5 {[%emt 0:
00:59]} 30. Nd4 {[%emt 0:00:08]} Rd5 {[%emt 0:03:47]} 31. Ra4 {[%emt 0:00:40]}
Rc8 {[%emt 0:09:51]} 32. f4 {[%emt 0:00:25]} Rc3 {[%emt 0:02:18]} 33. Kf2 {
[%emt 0:01:22]} Kf6 {[%emt 0:02:40]} 34. Nf3 {[%emt 0:00:38]} Rcc5 {[%emt 0:02:
03]} 35. g4 {[%emt 0:00:50]} Rxa5 {[%emt 0:00:33]} 36. Re4 {[%emt 0:00:23]} Ra3
{[%emt 0:04:10]} 37. f5 {[%emt 0:00:51]} Rdd3 {[%emt 0:02:51]} 38. Re6+ {
[%emt 0:00:34]} Kg7 {[%emt 0:00:01]} 39. Ng1 {[%emt 0:00:29]} Ra2+ {[%emt 0:02:
08]} 40. Ke1 {[%emt 0:01:01]} 0-1

[Event "54th Ilmar Raud Memorial"]
[Site "Viljandi"]
[Date "2020.07.09"]
[Round "6.2"]
[White "Haitin, Ilja"]
[Black "Meshkovs, Nikita"]
[Result "0-1"]
[WhiteElo "2357"]
[BlackElo "2582"]
[PlyCount "64"]
[EventDate "2020.??.??"]

1. d4 Nf6 {[%emt 0:00:50]} 2. c4 {[%emt 0:00:06]} e6 {[%emt 0:00:46]} 3. g3 {
[%emt 0:00:11]} d5 {[%emt 0:01:28]} 4. Nf3 {[%emt 0:00:09]} Bb4+ {[%emt 0:00:
22]} 5. Bd2 {[%emt 0:01:24]} Be7 {[%emt 0:00:13]} 6. Bg2 {[%emt 0:00:33]} O-O {
[%emt 0:00:31]} 7. O-O {[%emt 0:00:08]} Nbd7 {[%emt 0:00:37]} 8. Qc2 {[%emt 0:
09:13]} c6 {[%emt 0:00:29]} 9. Bf4 {[%emt 0:01:56]} Ne4 {[%emt 0:01:07]} 10.
Nc3 {[%emt 0:02:45]} g5 {[%emt 0:04:28]} 11. Be3 {[%emt 0:06:52]} Nd6 {[%emt 0:
07:25]} 12. cxd5 {[%emt 0:07:20]} exd5 13. Ne5 {[%emt 0:00:53]} f6 {[%emt 0:01:
21]} 14. Nxd7 {[%emt 0:04:28]} Bxd7 {[%emt 0:02:40]} 15. b4 {[%emt 0:01:05]}
Be6 {[%emt 0:06:26]} 16. Na4 {[%emt 0:17:13]} b6 {[%emt 0:05:44]} 17. f4 {
[%emt 0:08:36]} Qd7 {[%emt 0:02:51]} 18. Rac1 {[%emt 0:07:07]} Nc4 {[%emt 0:02:
16]} 19. Bd2 {[%emt 0:06:53]} Bf5 {[%emt 0:05:40]} 20. Qc3 {[%emt 0:03:43]} b5
{[%emt 0:10:46]} 21. Nc5 {[%emt 0:11:22]} Bxc5 {[%emt 0:00:29]} 22. dxc5 {
[%emt 0:01:07]} g4 {[%emt 0:00:31]} 23. Qd4 {[%emt 0:04:10]} Rae8 {[%emt 0:01:
52]} 24. Bc3 {[%emt 0:02:24]} Be4 {[%emt 0:01:18]} 25. f5 {[%emt 0:02:05]} Bxg2
{[%emt 0:00:06]} 26. Kxg2 {[%emt 0:01:26]} Re4 {[%emt 0:00:26]} 27. Qd3 {
[%emt 0:00:28]} Ne3+ {[%emt 0:00:09]} 28. Kg1 {[%emt 0:00:21]} Nxf1 {[%emt 0:
00:06]} 29. Rxf1 {[%emt 0:00:08]} Qe7 {[%emt 0:00:18]} 30. Rf2 {[%emt 0:01:04]}
Re8 {[%emt 0:00:08]} 31. Kf1 {[%emt 0:00:30]} Re3 {[%emt 0:00:03]} 32. Qd2 {
[%emt 0:01:11]} Qe4 {[%emt 0:00:36]} 0-1